01146 2200349 4500001002100000005001500021035002000036007000300056008004100059336002100100337002300121338003800144040002200182100003000204245010600234300003100340020002200371082001800393084002000411264004200431500006900473650001200542650001000554650001500564700003300579700003200612850001200644852002000656856007600676990002200752990002200774INLIS00000000086624920211104114024 a0010-1121000330ta211104s2014 jkia gs ind d 2rdacontentateks 2rdamediaakomputer 2rdacarrieraSumber sambung jaring aYOPDYOGbinderda0 aHermes Fortuneepengarang10aMeramal semudah membalik kartu tarot /cHermes Fortune; penyunting, Agatha Tristanti, Dewi Widyastuti a1 berkas komputer (1,5 MB) a978-602-249-594-904223a133.32424 a133.32424 HER m31aJakarta :bBhuana Ilmu Populer,c2014 aUntuk mengakses buku ini silakan unduh aplikasi http://iJogja.id 4aRamalan 4aTarot 4aNumerologi0 aAgatha Tristantiepenyunting0 aDewi Widyastutiepenyunting aYOPDYOG8 aaplikasi iJogja40nPerpustakaan digital iJogjauhttp://ijogja.id /publications/books/22507 a000015-EPD/B.2017 a000016-EPD/B.2017